=LDR 00000nam 2200000 4500 =001 INLIS000000000041233 =005 20130612150759 =008 ***********************************Ind** =035 ##$$0010-061300000041233 =041 ##$$a Ind =082 ##$$a 650.1 =090 ##$$a 650.1, She d =100 ##$$a Shemin, Robert =245 ##$$a Delapan rahasia sang idiot kaya gak perlu titel buat jadi miliader, Robert Shemin =260 ##$$a 2009 $b Jakarta =300 ##$$a 275 hlm, 24 cm =850 ##$$aaBisnis-Sukses